<?xml version="1.0" encoding="UTF-8"?>
<collection xmlns="http://www.loc.gov/MARC21/slim">
 <record>
  <leader>01357nam a22002177a 4500</leader>
  <controlfield tag="001">NCT_81952</controlfield>
  <controlfield tag="008">200616b        xxu||||| |||| 00| 0 vie d</controlfield>
  <datafield tag="999" ind1=" " ind2=" ">
   <subfield code="c">4028</subfield>
   <subfield code="d">4028</subfield>
  </datafield>
  <datafield tag="020" ind1=" " ind2=" ">
   <subfield code="a">9786048960658</subfield>
   <subfield code="c">159000</subfield>
  </datafield>
  <datafield tag="082" ind1="0" ind2="4">
   <subfield code="2">23rd ed.</subfield>
   <subfield code="a">658.403</subfield>
   <subfield code="b">P162</subfield>
  </datafield>
  <datafield tag="100" ind1="1" ind2=" ">
   <subfield code="a">Paling, Suzanne M.</subfield>
  </datafield>
  <datafield tag="245" ind1="1" ind2="0">
   <subfield code="a">Để trở thành thủ lĩnh kinh doanh xuất sắc =</subfield>
   <subfield code="b">The sales leader's problem solver : Nghệ thuật quản lý và hỗ trợ đội nhóm hiệu quả nhất</subfield>
   <subfield code="c">Suzanne M. Paling ; Khải Nguyễn (dịch)</subfield>
  </datafield>
  <datafield tag="250" ind1=" " ind2=" ">
   <subfield code="a">Tái bản lần thứ 1</subfield>
  </datafield>
  <datafield tag="260" ind1=" " ind2=" ">
   <subfield code="a">H.</subfield>
   <subfield code="b">Hồng Đức</subfield>
   <subfield code="c">2018</subfield>
  </datafield>
  <datafield tag="300" ind1=" " ind2=" ">
   <subfield code="a">451 tr.</subfield>
   <subfield code="c">21cm</subfield>
  </datafield>
  <datafield tag="520" ind1="3" ind2=" ">
   <subfield code="a"> Nội dung chỉ ra 15 vấn đề rắc rối mà các quản lý bán hàng liên tục phải đối mặt nhưng lại hiếm khi giải quyết thành công và đưa ra cách nhận diện chính xác vấn đề, tìm các nguyên nhân phức tạp của nó và đi sâu vào các phương án xử lý khác nhau. </subfield>
  </datafield>
  <datafield tag="653" ind1=" " ind2=" ">
   <subfield code="a">Quản trị kinh doanh</subfield>
  </datafield>
  <datafield tag="700" ind1="0" ind2=" ">
   <subfield code="a">Khải Nguyễn</subfield>
   <subfield code="e">Dịch</subfield>
  </datafield>
  <datafield tag="942" ind1=" " ind2=" ">
   <subfield code="2">ddc</subfield>
   <subfield code="c">BK</subfield>
  </datafield>
  <datafield tag="952" ind1=" " ind2=" ">
   <subfield code="0">0</subfield>
   <subfield code="1">0</subfield>
   <subfield code="2">ddc</subfield>
   <subfield code="4">0</subfield>
   <subfield code="6">658_403000000000000_P162</subfield>
   <subfield code="7">0</subfield>
   <subfield code="9">19846</subfield>
   <subfield code="a">000001</subfield>
   <subfield code="b">000001</subfield>
   <subfield code="d">2020-06-16</subfield>
   <subfield code="o">658.403 P162</subfield>
   <subfield code="p">MD.17212</subfield>
   <subfield code="r">2020-06-16</subfield>
   <subfield code="v">159000.00</subfield>
   <subfield code="w">2020-06-16</subfield>
   <subfield code="y">BK</subfield>
  </datafield>
  <datafield tag="980" ind1=" " ind2=" ">
   <subfield code="a">Thư viện Trường Đại học Nam Cần Thơ</subfield>
  </datafield>
 </record>
</collection>
